La profezia del don : [quella di Francesco e la Chiesa che sognavo] /
I tiakina i:
| Kaituhi matua: | |
|---|---|
| Ētahi atu kaituhi: | |
| Hōputu: | Pukapuka |
| Reo: | Itāriana |
| I whakaputaina: |
Roma :
Il fatto,
2017
|
| Rangatū: | PF
|
| Ngā marau: | |
| Ngā Tūtohu: |
Kāore He Tūtohu, Me noho koe te mea tuatahi ki te tūtohu i tēnei pūkete!
|
MARC
| LEADER | 00000nam a2200000 i 4500 | ||
|---|---|---|---|
| 001 | IT\ICCU\RAV\2068721 | ||
| 003 | ItRI | ||
| 005 | 20250722155037.0 | ||
| 008 | 171215s2017 it |||||| ||||| |||||c | ||
| 015 | |2 IT |a 2018-4513 | ||
| 020 | |a 9788899784201 | ||
| 040 | |b ita |c Arcigay Genova | ||
| 041 | 7 | |a ita |2 ISO-639-2 | |
| 082 | |a 282.092 |2 23 | ||
| 100 | 1 | |a Gallo, Andrea, |d (1928-2013) |0 IT\ICCU\CFIV\157003 | |
| 240 | 1 | 3 | |a La profezia del Don |9 Gallo, Andrea <1928-2013> |
| 245 | 1 | 3 | |a La profezia del don : |b [quella di Francesco e la Chiesa che sognavo] / |c don Andrea Gallo, Loris Mazzetti. |
| 260 | |a Roma : |b Il fatto, |c 2017 | ||
| 300 | |a 185 p. : |b ill. ; |c 22 cm | ||
| 650 | 7 | |a Gallo, Andrea <1928-2013> |x Interviste |2 nsbncf | |
| 700 | 1 | |a Mazzetti, Loris |0 IT\ICCU\UBOV\501442 | |
| 830 | 0 | |a PF |0 IT\ICCU\UBO\4180661 | |
| 942 | |2 ddc |c BK |n 0 | ||
| 952 | |0 0 |1 0 |2 ddc |4 0 |6 282_092000000000000_GAL_PRO |7 1 |9 9273 |a GE |b GE |d 2025-07-22 |l 0 |o 282.092 GAL PRO |p 2118 |r 2025-07-22 15:56:04 |w 2025-07-22 |y BK |z Fondo Giovanni Delfino | ||
| 981 | 1 | |6 z01 |a i |b xxxe | |
| 982 | 1 | |6 z01 |a n | |
| 999 | |c 7758 |d 7758 | ||